000 01739nam0a2200385 4500
001 RU\NLR\BIBL_A\022727509
005 20260304160730.0
010 _a978-5-00222-798-3
021 _aRU
_bКН-П-25-079869
_9КН-П-25-7744
035 _a(NLR Aleph) 022727509
090 _a13556610
_c13556610
100 _a20260213d2026 u y0rusy50 ca
101 0 _arus
102 _aRU
105 _aac||z|||000zy
181 0 _ai3
_baxxe
182 0 _an
200 1 _aПодвал для Николая II
_eмемуары исполнителей
_fПавел Быков
203 _aТекст
_bвизуальный
_cнепосредственный
210 _aМосква
_cРодина
_d2026 (печ. 2025)
215 _a222, [1] с.
_cил., портр.
_d22
225 1 _aРусская история
333 _a16+
600 0 _aНиколай
_cимператор российский
_dII
_f1868 - 1918
_jВоспоминания, записки и т.п
_xОтречение
_92109635
_3RU\NLR\AUTH\661275087
606 1 _aЦарская семья
_jВоспоминания, записки и т.п
_xУбийство
_92446139
_3RU\NLR\AUTH\661454820
686 1 _aТ3(2)52,022.191
686 1 _aТ3(2)524.21,013
686 1 _aТ3(2)711.29-49,013
700 1 _7ca
_8rus
_aБыков
_bП. М.
_cпарт.-хоз. работник, революционер
_f1888-1953
_gПавел Михайлович
_92699007
_3RU\NLR\AUTH\770290521
702 0 _4280
_7ca
_8rus
_aНиколай
_cимператор российский
_dII
_f1868-1918
_9113742
_3RU\NLR\AUTH\773750
942 _cBOOK
980 _aNB